Alfabet grecki - Statystyki

Ogólne statystyki
  • Ten quiz został rozwiązany 1 189 razy
  • Średni wynik to 16 z 24
Statystyki odpowiedzi
Hint Odpowiedź % Poprawnych
Α/α alfa
100%
Β/β beta
99%
Δ/δ delta
90%
Ε/ε epsilon
78%
Γ/γ gamma
77%
Ν/ν ny
76%
Ζ/ζ dzeta
75%
Λ/λ lambda
75%
Π/π pi
74%
Κ/κ kappa
73%
Μ/μ my
73%
Ο/ο omikron
65%
Σ/σ/ς sigma
63%
Τ/τ tau
63%
Ι/ι jota
58%
Ω/ω omega
58%
Η/η eta
57%
Θ/θ theta
55%
Υ/υ ipsylion
51%
Ρ/ρ rho
49%
Ξ/ξ ksi
48%
Φ/φ phi
47%
Χ/χ chi
40%
Ψ/ψ psi
40%
Nie znaleziono quizów pasujących do podanych kryteriów
Rozkład punktacji
Procent ludzi z każdym wynikiem
Percentyl według liczby udzielonych odpowiedzi
Twoja historia wyników
Nie rozwiązałeś tego quizu